000 01488nam a2200265Ia 4500
999 _c37955
_d37955
001 3937
003 GE_BSU
005 20190916102209.0
008 181216s1978||||ge |||||||||||||| ||geo||
040 _cGE_BSU
041 _ageo
080 _a398(479.22)+821.161.1+070(470) ა–86
100 _aარჯევანიძე, ეთერ
_93989
245 _aქართული ხალხური სიტყვიერების შესწავლის საკითხი რევოლუციამდელი საქართველოს რუსულ პერიოდიკაში /
_cსაქ. სსრ მეცნ. აკად., ცენტრ. სამეცნ. ბიბ-კა; რედ. ს. ხადური, ნ. გურგენიძე.
264 _aთბ. :
_bმეცნიერება,
_c1978.
300 _a343 გვ. ;
_b22 სმ.
500 _aპირთა სახელების საძიებელი: გვ. 333-341.
501 _aლიტ. სია: გვ. 341-342.
520 _a რეზ. რუს. ენ.
653 _aქართული ხალხური სიტყვიერება
653 _aრუსული პერიოდიკა საქართველოში
700 _aხადური, ს.
_eრედაქტორი
_93990
700 _aნ. გურგენიძე
_eრედაქტორი
_93991
942 _cBK
_2udc